01220cam a22003017a 4500003000500000005001700005008004100022010001000063011001100073020001800084035001100102040000900113082002300122110000800145245030600153260002300459300005300482490007100535650002900606650004000635650002700675650002500702650003500727650002800762650003100790700002600821830007100847CHAP20220817044407.0101111s2008 it a rn 00010 spa d a99756 a100728 a9789253057849 a111414 cCHAP04a338.47664bF21 v.52 aFAO14aDesafíos del abastecimiento de insumos para la mecanización agrícola y el procesamiento de la producción. Actas del Taller de Trabajo de la FAO, llevado a cabo en el Congreso Mundial de Ingeniería Agrícola (CIGR). Bonn, Alemania, 5-6 septiembre 2006c/editado por Brian G. Sims ...[et al.] aRoma :bFAO,c2008 axi, 73 p. :bilus., gráfs., cuadros, diagramas 0aInforme técnico sobre ingeniería agrícola y alimentariav; 514aAgricultura tradicional.14aAgriculturaxAspectos económicos.14aAgriculturaxFinanzas.14aComunidades rurales.14aExportación e importación.14aIndustrias agrícolas.14aMecanización agrícola.0 aSims, Brian G.e, ed. 0aInforme técnico sobre ingeniería agrícola y alimentariav; 5